[Event "Victoria op RR"]
[Site "Victoria CAN"]
[Date "2018.01.13"]
[Round "2"]
[White "Fratila, Adela"]
[Black "Patterson, Roger"]
[Result "0-1"]
[WhiteElo "2202"]
[BlackElo "2092"]
[PlyCount "98"]
[EventDate "2018.01.12"]
[EventType "tourn"]
[EventRounds "5"]
[EventCountry "CAN"]

1. d4 d5 2. Bf4 Nf6 3. e3 Bf5 4. Nd2 e6 5. c3 c6 6. Qb3 Qb6 7. Ngf3 h6 8. Ne5
Nbd7 9. Ndf3 Be7 10. Bd3 Bxd3 11. Nxd3 O-O 12. Qc2 c5 13. h3 Rac8 14. O-O Rfd8
15. Qe2 a5 16. Nde5 a4 17. Rab1 Qa5 18. Rfc1 b5 19. dxc5 Rxc5 20. Nd4 Nxe5 21.
Bxe5 Qa6 22. b4 Rc4 23. Bxf6 Bxf6 24. f4 Rdc8 25. Qd2 R8c7 26. a3 Bxd4 27. cxd4
Qc8 28. Rxc4 Rxc4 29. Qd3 Qc6 30. Ra1 Rc3 31. Qd2 Qc4 32. Ra2 Rxe3 33. Rc2 Qd3
34. Rc8+ Kh7 35. Qxd3+ Rxd3 36. Rb8 Rxa3 37. Rxb5 Rd3 38. Ra5 Rxd4 39. g3 Rxb4
40. Kf2 Kg6 41. Ra7 h5 42. f5+ exf5 43. h4 f4 44. Ra5 fxg3+ 45. Kxg3 Rd4 46.
Kh3 f6 47. Kg3 Kf5 48. Kf3 g6 49. Ke3 Ke5 0-1

[Event "Victoria op RR"]
[Site "Victoria CAN"]
[Date "2018.01.13"]
[Round "2"]
[White "Gansvind, Valeriya"]
[Black "Schnabel, Bennett"]
[Result "1/2-1/2"]
[WhiteElo "2190"]
[BlackElo "2093"]
[PlyCount "53"]
[EventDate "2018.01.12"]
[EventType "tourn"]
[EventRounds "5"]
[EventCountry "CAN"]

1. d4 f5 2. g3 Nf6 3. Bg2 g6 4. b3 Bg7 5. Bb2 d6 6. Nd2 O-O 7. e3 Qe8 8. Ne2 e5
9. dxe5 dxe5 10. Nc4 e4 11. Qc1 Be6 12. Ne5 Nbd7 13. Nxd7 Qxd7 14. O-O c5 15.
Nf4 Bf7 16. Rd1 Qc7 17. c4 Rfd8 18. h4 Rxd1+ 19. Qxd1 Rd8 20. Qc2 Qd6 21. Bf1
Qd2 22. Rc1 h6 23. Bxf6 Bxf6 24. Nd5 Qxc2 25. Nxf6+ Kg7 26. Nh5+ gxh5 27. Rxc2
1/2-1/2

[Event "Victoria op RR"]
[Site "Victoria CAN"]
[Date "2018.01.13"]
[Round "2"]
[White "Sali, Zulfikar"]
[Black "Cordon, Ian"]
[Result "1-0"]
[WhiteElo "2113"]
[BlackElo "2041"]
[PlyCount "59"]
[EventDate "2018.01.12"]
[EventType "tourn"]
[EventRounds "5"]
[EventCountry "CAN"]

1. e4 c6 2. d4 d5 3. f3 dxe4 4. fxe4 Nf6 5. e5 Bg4 6. Be2 Bxe2 7. Qxe2 Nd5 8.
e6 fxe6 9. Nf3 Nd7 10. O-O Qb6 11. c4 Nc7 12. Be3 Qa5 13. Ng5 Nf6 14. Nd2 h6
15. Nb3 Qb4 16. Bd2 Qd6 17. Bf4 Qd7 18. Nf3 O-O-O 19. Nc5 Qe8 20. Bxc7 Kxc7 21.
Nxe6+ Kc8 22. Nxd8 Qxd8 23. Rad1 g5 24. Ne5 Rh7 25. Qc2 Rg7 26. d5 cxd5 27.
cxd5+ Kb8 28. Kh1 Qc7 29. Qf5 a6 30. d6 1-0

[Event "Victoria op RR"]
[Site "Victoria CAN"]
[Date "2018.01.13"]
[Round "3"]
[White "Cordon, Ian"]
[Black "Fratila, Adela"]
[Result "1/2-1/2"]
[WhiteElo "2041"]
[BlackElo "2202"]
[PlyCount "92"]
[EventDate "2018.01.12"]
[EventType "tourn"]
[EventRounds "5"]
[EventCountry "CAN"]

1. c4 f5 2. Nc3 Nf6 3. g3 e6 4. Bg2 d5 5. e3 c6 6. Nge2 Bd6 7. b3 O-O 8. O-O
Qe7 9. d3 b6 10. Qc2 Bb7 11. Bd2 Nbd7 12. Rfe1 Rac8 13. a3 a5 14. Bc1 e5 15.
Qd2 Nc5 16. Rb1 e4 17. dxe4 fxe4 18. cxd5 cxd5 19. Nb5 Bb8 20. Rd1 Ng4 21. Nf4
Bxf4 22. exf4 Nd3 23. Rf1 Rce8 24. h3 Nh6 25. a4 Rf6 26. Bb2 Nf5 27. Bxf6 Qxf6
28. Rfd1 d4 29. Qe2 Nc5 30. Qc4+ Kh8 31. Nxd4 Ba6 32. Nb5 e3 33. fxe3 Nxe3 34.
Re1 Qg6 35. Qe2 Qxg3 36. Qf3 Qg6 37. Kh2 Bb7 38. Qg3 Qxg3+ 39. Kxg3 Bxg2 40.
Nd6 Re6 41. Nf7+ Kg8 42. Ne5 Be4 43. Rbc1 Nf5+ 44. Kg4 Nh6+ 45. Kg3 Nf5+ 46.
Kg4 Nh6+ 1/2-1/2

[Event "Victoria op RR"]
[Site "Victoria CAN"]
[Date "2018.01.13"]
[Round "3"]
[White "Patterson, Roger"]
[Black "Gansvind, Valeriya"]
[Result "1/2-1/2"]
[WhiteElo "2092"]
[BlackElo "2190"]
[PlyCount "75"]
[EventDate "2018.01.12"]
[EventType "tourn"]
[EventRounds "5"]
[EventCountry "CAN"]

1. c4 g6 2. Nc3 d6 3. g3 Bg7 4. Bg2 Nc6 5. e3 e5 6. Nge2 Nge7 7. O-O O-O 8. d3
Be6 9. Nd5 Qd7 10. Rb1 Nd8 11. b4 Nc8 12. b5 c6 13. bxc6 bxc6 14. Ndc3 Bh3 15.
Qa4 Bxg2 16. Kxg2 Ne6 17. h4 f5 18. Qc2 Ne7 19. f4 Rfb8 20. Bd2 Qc8 21. Rxb8
Rxb8 22. Rb1 Kh8 23. Na4 c5 24. Rxb8 Qxb8 25. Bc3 Qb7+ 26. Kf2 Ng8 27. Qb2 Qc6
28. fxe5 Qxa4 29. exd6 Qd7 30. Bxg7+ Nxg7 31. Qe5 Nh6 32. Qxc5 Ng4+ 33. Ke1 Qb7
34. d7 Qb1+ 35. Kd2 Qb2+ 36. Ke1 Qb1+ 37. Kd2 Qb2+ 38. Ke1 1/2-1/2

[Event "Victoria op RR"]
[Site "Victoria CAN"]
[Date "2018.01.13"]
[Round "3"]
[White "Schnabel, Bennett"]
[Black "Sali, Zulfikar"]
[Result "0-1"]
[WhiteElo "2093"]
[BlackElo "2113"]
[PlyCount "166"]
[EventDate "2018.01.12"]
[EventType "tourn"]
[EventRounds "5"]
[EventCountry "CAN"]

1. e4 c5 2. c3 g6 3. d4 cxd4 4. cxd4 d5 5. e5 Bg7 6. Nc3 a6 7. Qb3 Nc6 8. Nf3
e6 9. Na4 Nge7 10. Bg5 h6 11. Bxe7 Qxe7 12. Nb6 Rb8 13. Rc1 Bd7 14. Be2 O-O 15.
O-O Rfd8 16. Rfe1 Bf8 17. a3 h5 18. Bd3 Bh6 19. Rc2 Na7 20. Rc5 Nc8 21. Re2
Nxb6 22. Qxb6 Rdc8 23. Rec2 Rxc5 24. Rxc5 Qd8 25. Qxd8+ Rxd8 26. b4 Ba4 27. Kf1
Kf8 28. h4 Ke7 29. Ng5 Be8 30. Ke2 Ba4 31. g3 Bxg5 32. hxg5 Kd7 33. Kd2 Rh8 34.
Ra5 Bc6 35. a4 Kc7 36. Rc5 Kb6 37. a5+ Ka7 38. Ke3 h4 39. gxh4 Rxh4 40. Rc1 Kb8
41. Bxa6 Re4+ 42. Kd3 Bd7 43. Bc4 Rg4 44. Bb3 Bb5+ 45. Kc3 Rxg5 46. Rh1 Rf5 47.
Rh2 Rf3+ 48. Kc2 Kc7 49. Ba2 Kd7 50. Bb1 Ke7 51. Kb2 g5 52. Rg2 g4 53. Rxg4
Rxf2+ 54. Kc3 Rf3+ 55. Kb2 Bc4 56. Bc2 Kf8 57. Bh7 Rb3+ 58. Kc2 Rxb4 59. Rg8+
Ke7 60. Rc8 Be2 61. Bd3 Bxd3+ 62. Kxd3 Rb3+ 63. Kc2 Rb5 64. Rb8 f6 65. Rh8 fxe5
66. dxe5 Kf7 67. Rh6 Rxa5 68. Rh7+ Kg6 69. Rxb7 Kf5 70. Kd3 Kxe5 71. Rb3 Ra4
72. Kd2 Ra2+ 73. Ke3 Rh2 74. Rb5 Rh3+ 75. Ke2 Ke4 76. Rb6 e5 77. Rg6 Rh2+ 78.
Kd1 d4 79. Rg3 d3 80. Rg5 Kd4 81. Rg8 e4 82. Rg7 Ra2 83. Rg3 e3 0-1

[Event "Victoria op RR"]
[Site "Victoria CAN"]
[Date "2018.01.14"]
[Round "4"]
[White "Gansvind, Valeriya"]
[Black "Sali, Zulfikar"]
[Result "0-1"]
[WhiteElo "2190"]
[BlackElo "2113"]
[PlyCount "102"]
[EventDate "2018.01.12"]
[EventType "tourn"]
[EventRounds "5"]
[EventCountry "CAN"]

1. d4 Nf6 2. Bg5 c5 3. Nc3 d5 4. e3 Nc6 5. dxc5 e6 6. Nf3 Bxc5 7. a3 O-O 8. Be2
h6 9. Bh4 a6 10. O-O Be7 11. Re1 b5 12. Bf1 Bb7 13. Nd4 Ne5 14. Nb1 Rc8 15. Bg3
Nc4 16. b3 Nd6 17. Nd2 Nde4 18. Nxe4 Nxe4 19. f3 Nxg3 20. hxg3 e5 21. Nf5 Bc5
22. b4 Bb6 23. f4 Qf6 24. Qg4 g6 25. Nxh6+ Kg7 26. Qg5 Qxg5 27. fxg5 f5 28. a4
Rc3 29. axb5 Rxe3 30. Kh2 axb5 31. Bxb5 Rxe1 32. Rxe1 e4 33. Bd7 Rd8 34. Be6 d4
35. Nf7 Rf8 36. Nh6 d3 37. cxd3 exd3 38. Bc4 Bd8 39. Bxd3 Bxg5 40. Nxf5+ gxf5
41. Kg1 Kh6 42. Re5 Bc8 43. b5 Bd8 44. Rd5 Kg5 45. Kf2 Bb6+ 46. Ke2 Re8+ 47.
Kd2 Kg4 48. Rd6 Re3 49. Kc2 Kxg3 50. Rg6+ Kf4 51. g3+ Ke5 0-1

[Event "Victoria op RR"]
[Site "Victoria CAN"]
[Date "2018.01.14"]
[Round "4"]
[White "Patterson, Roger"]
[Black "Cordon, Ian"]
[Result "1/2-1/2"]
[WhiteElo "2092"]
[BlackElo "2041"]
[PlyCount "72"]
[EventDate "2018.01.12"]
[EventType "tourn"]
[EventRounds "5"]
[EventCountry "CAN"]

1. e4 c6 2. d4 d5 3. e5 c5 4. dxc5 Nc6 5. Bf4 e6 6. Nf3 Bxc5 7. c3 Nge7 8. Bd3
Ng6 9. Bg3 Qc7 10. Qe2 Bd7 11. h4 Nge7 12. h5 h6 13. Nbd2 a6 14. O-O Rd8 15.
Rad1 Nc8 16. Rfe1 f5 17. exf6 Qxg3 18. Bg6+ Kf8 19. fxg7+ Kxg7 20. Nb3 Bb6 21.
Nfd4 Nxd4 22. Nxd4 Qg5 23. Rd3 Bc7 24. Re3 Rhf8 25. Rxe6 Kg8 26. Bf7+ Kxf7 27.
Rg6 Qxg6 28. hxg6+ Kxg6 29. Qd3+ Kg7 30. Ne6+ Bxe6 31. Rxe6 Rf6 32. Rxf6 Kxf6
33. Qh7 Ne7 34. Qxh6+ Ng6 35. Qh7 Ne7 36. Qh6+ Ng6 1/2-1/2

[Event "Victoria op RR"]
[Site "Victoria CAN"]
[Date "2018.01.14"]
[Round "5"]
[White "Cordon, Ian"]
[Black "Gansvind, Valeriya"]
[Result "1/2-1/2"]
[WhiteElo "2041"]
[BlackElo "2190"]
[PlyCount "38"]
[EventDate "2018.01.12"]
[EventType "tourn"]
[EventRounds "5"]
[EventCountry "CAN"]

1. c4 e5 2. Nc3 Nc6 3. g3 d6 4. Bg2 Be6 5. d3 g6 6. e4 Bg7 7. Nge2 Qd7 8. Nd5
Nd8 9. Be3 c6 10. Ndc3 Bh3 11. O-O h5 12. Kh1 Bxg2+ 13. Kxg2 h4 14. Ng1 hxg3
15. fxg3 Nf6 16. h3 Ne6 17. Qf3 Nh7 18. Qg4 Nf6 19. Qf3 Nh7 1/2-1/2

[Event "Victoria op RR"]
[Site "Victoria CAN"]
[Date "2018.01.14"]
[Round "5"]
[White "Sali, Zulfikar"]
[Black "Fratila, Adela"]
[Result "1-0"]
[WhiteElo "2113"]
[BlackElo "2202"]
[PlyCount "61"]
[EventDate "2018.01.12"]
[EventType "tourn"]
[EventRounds "5"]
[EventCountry "CAN"]

1. e4 e6 2. d3 d5 3. Nd2 c5 4. g3 b6 5. Bg2 Bb7 6. Ngf3 Nf6 7. e5 Nfd7 8. O-O
Nc6 9. Re1 Qc7 10. Qe2 Be7 11. h4 h6 12. h5 O-O-O 13. c3 Ba6 14. a3 Rdg8 15. b4
g6 16. hxg6 Rxg6 17. c4 cxb4 18. cxd5 exd5 19. axb4 Nxb4 20. Rxa6 Nxa6 21. Nd4
Bc5 22. N2f3 Nf8 23. Nb5 Qb7 24. d4 Be7 25. Bh3+ Kb8 26. e6 f6 27. Bf4+ Ka8 28.
Rc1 Rhg8 29. Nc7+ Nxc7 30. Rxc7 Qb8 31. Qb5 1-0

[Event "Wilhelm Steinitz"]
[Site "Trois-Rivieres CAN"]
[Date "2018.10.29"]
[Round "1"]
[White "Cantin, Jean"]
[Black "Lemyre, Jasmin"]
[Result "0-1"]
[WhiteElo "1068"]
[BlackElo "1313"]
[PlyCount "84"]
[EventDate "2018.10.29"]
[EventType "swiss"]
[EventRounds "6"]
[EventCountry "CAN"]

1. d4 d5 2. Nf3 Nc6 3. e3 Bg4 4. Be2 e5 5. dxe5 Bxf3 6. Bxf3 Nxe5 7. Bxd5 c6 8.
Qd4 Qxd5 9. Qxd5 cxd5 10. Nc3 Nf6 11. Nb5 Bb4+ 12. c3 Ba5 13. Nd6+ Ke7 14. Nf5+
Kf8 15. O-O g6 16. Nd4 Kg7 17. b4 Bb6 18. a4 Rhc8 19. a5 Bd8 20. f4 Nc4 21. Rf3
Ne4 22. f5 Nxc3 23. e4 Nxe4 24. fxg6 hxg6 25. Bf4 Bf6 26. Rd1 Nb2 27. Rfd3
Bxd4+ 28. Rxd4 Nxd1 29. Rxd1 Rd8 30. h4 f6 31. Kh2 Rac8 32. Rd4 Rc4 33. Be3 a6
34. Kh3 Rc3 35. Kg4 Rxe3 36. Kf4 Rc3 37. g4 Rc4 38. Ke3 Rxd4 39. Kxd4 Nf2 40.
g5 fxg5 41. hxg5 Kf7 42. Ke5 d4 0-1

[Event "Winnipeg TNT 2018.03"]
[Site "Winnipeg CAN"]
[Date "2018.03.06"]
[Round "1"]
[White "Bince, Rolando"]
[Black "Viznytsya, Yevhen"]
[Result "1-0"]
[WhiteElo "1985"]
[BlackElo "1581"]
[PlyCount "93"]
[EventDate "2018.03.06"]
[EventType "swiss"]
[EventRounds "4"]
[EventCountry "CAN"]

1. d4 Nf6 2. Nf3 e6 3. c4 Be7 4. Nc3 O-O 5. e4 Bb4 6. Bd3 d6 7. Bg5 h6 8. Bh4
e5 9. a3 Bxc3+ 10. bxc3 Re8 11. O-O Bg4 12. Re1 g5 13. Bg3 Nh5 14. h3 Bxf3 15.
Qxf3 Nxg3 16. fxg3 f6 17. Rf1 Rf8 18. Rab1 b6 19. c5 dxc5 20. Bc4+ Kg7 21. dxc5
Nd7 22. Bd5 Rb8 23. cxb6 axb6 24. Be6 Qe7 25. Bf5 Nc5 26. h4 Rbd8 27. Rbd1 Qf7
28. h5 Qe7 29. Bg4 Rxd1 30. Rxd1 Rd8 31. Qf5 Rxd1+ 32. Bxd1 Qe8 33. Be2 Na4 34.
c4 Nc5 35. Bg4 Nb3 36. Kh2 Nd2 37. Be2 Qf7 38. g4 Nb3 39. Qc8 Nd4 40. Bd3 Qe7
41. a4 Nb3 42. c5 Nxc5 43. Bc4 Qf8 44. Qxc7+ Kh8 45. Qc6 Qd8 46. a5 bxa5 47.
Qxc5 1-0

[Event "Winnipeg TNT 2018.03"]
[Site "Winnipeg CAN"]
[Date "2018.03.06"]
[Round "1"]
[White "Furda, Ievgeniia-Diana"]
[Black "Konara, Harshani"]
[Result "0-1"]
[WhiteElo "1524"]
[BlackElo "1899"]
[PlyCount "76"]
[EventDate "2018.03.06"]
[EventType "swiss"]
[EventRounds "4"]
[EventCountry "CAN"]

1. e4 d5 2. exd5 Qxd5 3. Nc3 Qd8 4. d4 c6 5. Nf3 Bf5 6. Bc4 e6 7. Be3 Nf6 8.
Nh4 Bg6 9. Nxg6 hxg6 10. Bg5 Be7 11. Qd2 Nbd7 12. a3 Qc7 13. O-O-O O-O-O 14.
Qe2 Nb6 15. Bb3 Nbd5 16. Bd2 Rxh2 17. Qf3 Rhh8 18. Kb1 Bd6 19. Bg5 Be7 20. Bd2
Bd6 21. Bg5 Nxc3+ 22. Qxc3 Ne4 23. Qe3 Nxg5 24. Qxg5 Bf4 25. Qg4 Rxh1 26. Rxh1
Rxd4 27. Rh8+ Rd8 28. Rxd8+ Kxd8 29. Qh4+ Kd7 30. Qg4 Be5 31. Qd1+ Qd6 32.
Qxd6+ Kxd6 33. Kc1 Kc5 34. a4 Bd4 35. f3 Be3+ 36. Kd1 f5 37. Ke2 Bc1 38. Kd3
Bxb2 0-1

[Event "Winnipeg TNT 2018.03"]
[Site "Winnipeg CAN"]
[Date "2018.03.06"]
[Round "1"]
[White "Gerona, Joshua"]
[Black "Magyar, Peter"]
[Result "1-0"]
[WhiteElo "1937"]
[BlackElo "1524"]
[PlyCount "75"]
[EventDate "2018.03.06"]
[EventType "swiss"]
[EventRounds "4"]
[EventCountry "CAN"]

1. d4 e6 2. c4 c5 3. g3 Nc6 4. Nf3 cxd4 5. Nxd4 Nf6 6. Nc3 a6 7. Bg2 Bc5 8. Be3
Ba7 9. Nxc6 bxc6 10. Bxa7 Rxa7 11. Qd4 Qc7 12. O-O O-O 13. c5 Rd8 14. Rfd1 Qb8
15. b3 Rc7 16. e4 h6 17. Bf1 Bb7 18. Be2 Rcc8 19. f4 d5 20. cxd6 c5 21. Qd3 Qa8
22. Bf3 Rd7 23. Kg2 Rcd8 24. e5 Bxf3+ 25. Qxf3 Qxf3+ 26. Kxf3 Ne8 27. Ne4 Rc8
28. Rac1 c4 29. Rxc4 Rxc4 30. bxc4 f6 31. c5 fxe5 32. c6 Rd8 33. fxe5 g5 34. c7
Nxc7 35. dxc7 Rf8+ 36. Ke3 Kg7 37. Rd8 Rf7 38. c8=Q 1-0

[Event "Winnipeg TNT 2018.03"]
[Site "Winnipeg CAN"]
[Date "2018.03.06"]
[Round "1"]
[White "Gregoryanz, Philipp"]
[Black "Annakkage, Udaya"]
[Result "0-1"]
[WhiteElo "1383"]
[BlackElo "1670"]
[PlyCount "58"]
[EventDate "2018.03.06"]
[EventType "swiss"]
[EventRounds "4"]
[EventCountry "CAN"]

1. e4 Nf6 2. e5 Nd5 3. d4 d6 4. Nf3 Bg4 5. Bc4 e6 6. h3 Bh5 7. Be2 Be7 8. Bd2
Nd7 9. Nc3 N5b6 10. Bf4 O-O 11. Qd3 Bg6 12. Qd1 dxe5 13. Bxe5 a6 14. d5 Nxe5
15. Nxe5 exd5 16. Nxg6 fxg6 17. Qd3 Bc5 18. Bf3 c6 19. O-O-O Bxf2 20. Qe2 Bh4
21. g3 Bg5+ 22. Kb1 Nc4 23. h4 Bf6 24. Ne4 Bxb2 25. Nd2 Nxd2+ 26. Rxd2 Qb6 27.
Rd3 Bc3+ 28. Kc1 Qb2+ 29. Kd1 Qb1# 0-1

[Event "Winnipeg TNT 2018.03"]
[Site "Winnipeg CAN"]
[Date "2018.03.06"]
[Round "1"]
[White "Leaden, Bruce"]
[Black "Rutter, Blair"]
[Result "0-1"]
[WhiteElo "1537"]
[BlackElo "1975"]
[PlyCount "46"]
[EventDate "2018.03.06"]
[EventType "swiss"]
[EventRounds "4"]
[EventCountry "CAN"]

1. f4 e6 2. Nf3 d5 3. e3 c5 4. Be2 Nc6 5. b3 Nf6 6. Bb2 Bd6 7. Ne5 O-O 8. Nxc6
bxc6 9. O-O Rb8 10. d3 Re8 11. g4 e5 12. g5 Nd7 13. Rf3 d4 14. Bc1 Qe7 15. Kf2
Nf8 16. Rg3 dxe3+ 17. Rxe3 Ng6 18. Bg4 Nxf4 19. Bxc8 Rbxc8 20. h4 f6 21. Qg4
Rf8 22. Rf3 fxg5 23. hxg5 Ng6 0-1

[Event "Winnipeg TNT 2018.03"]
[Site "Winnipeg CAN"]
[Date "2018.03.06"]
[Round "1"]
[White "Letain, Cory"]
[Black "Piche, Zachary"]
[Result "1-0"]
[WhiteElo "1714"]
[BlackElo "1423"]
[PlyCount "83"]
[EventDate "2018.03.06"]
[EventType "swiss"]
[EventRounds "4"]
[EventCountry "CAN"]

1. e4 c5 2. Nf3 d6 3. d4 cxd4 4. Nxd4 Nf6 5. Nc3 a6 6. f3 e5 7. Nb3 Be6 8. Be3
Nbd7 9. Qd2 b5 10. O-O-O Rc8 11. Kb1 Be7 12. g4 Nb6 13. g5 Nfd7 14. h4 Nc4 15.
Bxc4 bxc4 16. Nc1 Rb8 17. Nd5 Bxd5 18. exd5 Qc7 19. Ka1 Qb7 20. b3 cxb3 21.
cxb3 Nb6 22. Qb4 a5 23. Qxb6 Qxb6 24. Bxb6 Rxb6 25. Ne2 h6 26. Rc1 Kd7 27. gxh6
Rxh6 28. Rc4 Bf6 29. Kb1 g5 30. h5 Bg7 31. Ng3 Rh7 32. Rhc1 Rb7 33. Rc6 a4 34.
Nf5 Bf8 35. h6 axb3 36. a3 Be7 37. Kb2 Rh8 38. Nxe7 Kxe7 39. Rc7+ Rxc7 40.
Rxc7+ Kf6 41. Rd7 Rxh6 42. Rxd6+ 1-0

[Event "Winnipeg TNT 2018.03"]
[Site "Winnipeg CAN"]
[Date "2018.03.06"]
[Round "1"]
[White "Prince, Colin"]
[Black "Gannon, Keith"]
[Result "1-0"]
[WhiteElo "1861"]
[BlackElo "1520"]
[PlyCount "55"]
[EventDate "2018.03.06"]
[EventType "swiss"]
[EventRounds "4"]
[EventCountry "CAN"]

1. e4 e5 2. Nf3 d6 3. d4 exd4 4. Qxd4 Nc6 5. Bb5 Bd7 6. Bxc6 Bxc6 7. Nc3 Qf6 8.
Qd3 O-O-O 9. Bg5 Qg6 10. Bxd8 Kxd8 11. O-O-O Be7 12. Kb1 Nf6 13. e5 Qxd3 14.
Rxd3 Bxf3 15. exf6 Bxg2 16. fxe7+ Kxe7 17. Rg1 Bh3 18. Rxh3 g6 19. Nd5+ Kd8 20.
Rd1 f5 21. Nf4 g5 22. Ne6+ Kd7 23. Nxg5 h6 24. Nf7 Rh7 25. Nxh6 b5 26. Rh4 Ke6
27. Nxf5 Rxh4 28. Nxh4 1-0

[Event "Winnipeg TNT 2018.03"]
[Site "Winnipeg CAN"]
[Date "2018.03.06"]
[Round "1"]
[White "Remillard, John"]
[Black "Flynn, Darren"]
[Result "1-0"]
[WhiteElo "1633"]
[BlackElo "1371"]
[PlyCount "35"]
[EventDate "2018.03.06"]
[EventType "swiss"]
[EventRounds "4"]
[EventCountry "CAN"]

1. c4 e5 2. a3 Nc6 3. g3 d5 4. Bg2 Nf6 5. cxd5 Nxd5 6. Nc3 Be6 7. e3 Nxc3 8.
bxc3 Qd7 9. Rb1 O-O-O 10. Qa4 Bd5 11. e4 Be6 12. Bf1 a6 13. Bxa6 Qd6 14. Rxb7
Kd7 15. Bb5 Be7 16. Nf3 Ra8 17. Bxc6+ Qxc6 18. Nxe5+ 1-0

[Event "Winnipeg TNT 2018.03"]
[Site "Winnipeg CAN"]
[Date "2018.03.06"]
[Round "1"]
[White "Trueman, Francis"]
[Black "Klokow, John"]
[Result "0-1"]
[WhiteElo "1452"]
[BlackElo "1768"]
[PlyCount "43"]
[EventDate "2018.03.06"]
[EventType "swiss"]
[EventRounds "4"]
[EventCountry "CAN"]

1. e4 e5 2. Nf3 Nc6 3. d3 Nf6 4. Nbd2 Bc5 5. h3 O-O 6. g3 a5 7. a4 h6 8. Bg2 d6
9. O-O Be6 10. Nh2 Qd7 11. g4 Rad8 12. Qf3 Nd4 13. Qd1 d5 14. Nb3 Nxb3 15. cxb3
dxe4 16. Qc2 Bb6 17. dxe4 Qd3 18. Qxd3 Rxd3 19. Nf3 Nd7 20. Nd2 Bxb3 21. Nxb3
Rxb3 22. Bf3 0-1

[Event "Winnipeg TNT 2018.03"]
[Site "Winnipeg CAN"]
[Date "2018.03.13"]
[Round "2"]
[White "Annakkage, Udaya"]
[Black "Prince, Colin"]
[Result "0-1"]
[WhiteElo "1670"]
[BlackElo "1861"]
[PlyCount "62"]
[EventDate "2018.03.06"]
[EventType "swiss"]
[EventRounds "4"]
[EventCountry "CAN"]

1. e4 e5 2. f4 Bc5 3. Nf3 d6 4. c3 Nf6 5. d4 exd4 6. cxd4 Bb6 7. Bd3 Bg4 8. Be3
Nc6 9. Bc2 O-O 10. O-O Re8 11. Nc3 Qe7 12. Qd2 Rad8 13. Rad1 d5 14. e5 Nh5 15.
Qd3 g6 16. Qd2 Qb4 17. f5 Bxf3 18. Rxf3 Nxd4 19. Bxd4 Qxd4+ 20. Qxd4 Bxd4+ 21.
Kh1 Rxe5 22. g4 Nf6 23. g5 Bxc3 24. bxc3 Ne4 25. fxg6 hxg6 26. h4 Kg7 27. Re3
Rh8 28. Bxe4 Rxh4+ 29. Kg2 Rhxe4 30. Rxe4 dxe4 31. Kf2 f5 0-1

[Event "Winnipeg TNT 2018.03"]
[Site "Winnipeg CAN"]
[Date "2018.03.13"]
[Round "2"]
[White "Flynn, Darren"]
[Black "Trueman, Francis"]
[Result "1-0"]
[WhiteElo "1371"]
[BlackElo "1452"]
[PlyCount "57"]
[EventDate "2018.03.06"]
[EventType "swiss"]
[EventRounds "4"]
[EventCountry "CAN"]

1. e4 d6 2. f4 Nd7 3. Nf3 e5 4. fxe5 dxe5 5. Bc4 Bc5 6. d3 Ngf6 7. Ng5 O-O 8.
Nc3 h6 9. Nxf7 Rxf7 10. Bxf7+ Kxf7 11. Qf3 c6 12. g4 Nf8 13. g5 hxg5 14. Bxg5
Ne6 15. h4 Nd4 16. Qf2 Nb3 17. Be3 Bxe3 18. Qxe3 Nxa1 19. Kd2 Nxc2 20. Kxc2 Qd4
21. Qf3 Bg4 22. Qg3 Rd8 23. Nd1 Bxd1+ 24. Rxd1 Qd6 25. Rg1 Rg8 26. Qg6+ Kf8 27.
h5 Nxh5 28. Qxd6+ Ke8 29. Qg6+ 1-0

[Event "Winnipeg TNT 2018.03"]
[Site "Winnipeg CAN"]
[Date "2018.03.13"]
[Round "2"]
[White "Gannon, Keith"]
[Black "Gregoryanz, Philipp"]
[Result "1-0"]
[WhiteElo "1520"]
[BlackElo "1383"]
[PlyCount "105"]
[EventDate "2018.03.06"]
[EventType "swiss"]
[EventRounds "4"]
[EventCountry "CAN"]

1. e4 e5 2. Nf3 Nc6 3. Nc3 Nf6 4. Be2 Bc5 5. O-O d6 6. d3 Ng4 7. Nd5 Nd4 8.
Nxd4 Bxd4 9. Bxg4 Bxg4 10. Qxg4 O-O 11. Bh6 g6 12. Bxf8 Kxf8 13. c3 Bc5 14. b4
Bb6 15. Nxb6 axb6 16. f4 c5 17. a3 d5 18. fxe5 dxe4 19. Qxe4 cxb4 20. Qxb4+ Kg8
21. d4 Rc8 22. Rac1 Qg5 23. Rfe1 Qd2 24. Qxb6 Rxc3 25. Rcd1 Qa2 26. e6 Rc2 27.
Qd8+ Kg7 28. Qg5 fxe6 29. Rf1 Re2 30. Qe7+ Kh6 31. Qxb7 Qxa3 32. Qf3 Re3 33.
Qf2 Rc3 34. Rd2 Qd6 35. Qf4+ Qxf4 36. Rxf4 Kg5 37. Re4 Kf5 38. Rde2 Rd3 39.
Re5+ Kf6 40. Rxe6+ Kf5 41. R2e5+ Kf4 42. Re4+ Kf5 43. h3 g5 44. R6e5+ Kf6 45.
d5 h5 46. Re6+ Kf5 47. d6 g4 48. hxg4+ hxg4 49. Kf2 g3+ 50. Ke2 Rxd6 51. Rxd6
Kxe4 52. Rf6 Ke5 53. Rf3 1-0

[Event "Winnipeg TNT 2018.03"]
[Site "Winnipeg CAN"]
[Date "2018.03.13"]
[Round "2"]
[White "Klokow, John"]
[Black "Bince, Rolando"]
[Result "1/2-1/2"]
[WhiteElo "1768"]
[BlackElo "1985"]
[PlyCount "89"]
[EventDate "2018.03.06"]
[EventType "swiss"]
[EventRounds "4"]
[EventCountry "CAN"]

1. e4 c6 2. d4 e6 3. Nf3 d5 4. e5 c5 5. c3 Qb6 6. Nbd2 cxd4 7. cxd4 Nc6 8. Nb3
a5 9. a4 Bb4+ 10. Bd2 Nge7 11. Bd3 Bxd2+ 12. Kxd2 Qb4+ 13. Ke2 Bd7 14. Bb5 b6
15. Re1 O-O 16. Kf1 Nf5 17. Kg1 Rac8 18. Re2 Rc7 19. Qd3 Qe7 20. Bxc6 Rxc6 21.
Rc2 Rxc2 22. Qxc2 Rc8 23. Qd3 g6 24. h3 Qb4 25. Rc1 Rxc1+ 26. Nxc1 Qxb2 27. Ne2
Bxa4 28. Ng3 Nxg3 29. fxg3 Bb5 30. Qe3 Qb1+ 31. Kh2 Kg7 32. Qg5 Qf5 33. Qd8 a4
34. Qxb6 Be2 35. Qa5 Bxf3 36. gxf3 Qc2+ 37. Kg1 Qd1+ 38. Kg2 Qxd4 39. f4 h5 40.
Qd8 Qa7 41. g4 hxg4 42. Qf6+ Kg8 43. Qd8+ Kh7 44. Qh4+ Kg7 45. Qf6+ 1/2-1/2

[Event "Winnipeg TNT 2018.03"]
[Site "Winnipeg CAN"]
[Date "2018.03.13"]
[Round "2"]
[White "Konara, Harshani"]
[Black "Remillard, John"]
[Result "1-0"]
[WhiteElo "1899"]
[BlackElo "1633"]
[PlyCount "99"]
[EventDate "2018.03.06"]
[EventType "swiss"]
[EventRounds "4"]
[EventCountry "CAN"]

1. c4 Nf6 2. Nc3 g6 3. g3 Bg7 4. Bg2 O-O 5. e3 d6 6. d3 Nbd7 7. Nge2 Re8 8. O-O
e5 9. a3 c6 10. Rb1 Nb6 11. b4 e4 12. Nxe4 Nxe4 13. Bxe4 Nxc4 14. Bg2 Ne5 15.
Bb2 Bf5 16. e4 Be6 17. Qc2 Rc8 18. Nf4 Bg4 19. h3 Bd7 20. d4 c5 21. dxe5 cxb4
22. Qb3 dxe5 23. Nd5 bxa3 24. Bxa3 Bc6 25. Rfd1 Bf8 26. Ne7+ Qxe7 27. Bxe7 Bxe7
28. Rbc1 a5 29. Bf1 Bb4 30. Bc4 Re7 31. Bd5 Rcc7 32. Bxc6 bxc6 33. Rd8+ Kg7 34.
Rcd1 c5 35. Rc1 Ra7 36. Qa4 Rac7 37. Re8 Red7 38. Rxe5 c4 39. Rxc4 Rxc4 40.
Qxd7 Rc1+ 41. Kg2 Rc2 42. Qa7 Rd2 43. Rd5 Rc2 44. Rd7 Bc5 45. Rxf7+ Kh6 46.
Rxh7+ Kg5 47. h4+ Kf6 48. Rf7+ Ke5 49. Qa6 Kxe4 50. Qxg6+ 1-0

[Event "Winnipeg TNT 2018.03"]
[Site "Winnipeg CAN"]
[Date "2018.03.13"]
[Round "2"]
[White "Letain, Cory"]
[Black "Gerona, Joshua"]
[Result "1/2-1/2"]
[WhiteElo "1714"]
[BlackElo "1937"]
[PlyCount "65"]
[EventDate "2018.03.06"]
[EventType "swiss"]
[EventRounds "4"]
[EventCountry "CAN"]

1. e4 c5 2. Nf3 g6 3. d4 cxd4 4. Nxd4 Bg7 5. Nc3 d6 6. Be3 Nf6 7. f3 O-O 8. Bc4
Bd7 9. Qd2 Nc6 10. O-O-O a6 11. g4 Ne5 12. Be2 Rc8 13. Kb1 b5 14. g5 b4 15. Nd5
Nxd5 16. exd5 Nc4 17. Bxc4 Rxc4 18. b3 Rc3 19. h4 Bf5 20. Nxf5 gxf5 21. h5 Qa5
22. g6 Rfc8 23. gxf7+ Kxf7 24. Rc1 Qa3 25. Bd4 R8c5 26. Rhg1 Ra5 27. Rxg7+ Kf8
28. Rg8+ Kxg8 29. Qg5+ Kf7 30. Qg7+ Ke8 31. Qg8+ Kd7 32. Qe6+ Ke8 33. Qg8+
1/2-1/2